000 01311cam a22003374a 4500
999 _c50547
_d50547
001 13113498
005 20200220164130.0
008 030306s2004 caua b 001 0 eng
010 _a 2003042863
020 _a080534635X
040 _aDLC
_cDLC
_dDLC
041 _aeng
042 _apcc
050 0 0 _aQH506
_b.M6627 2004
080 _a577.2 M-79
082 0 0 _a572.8
_221
245 0 0 _aMolecular biology of the gene /
_cJames D. Watson ... [et al.].
250 _a5th ed.
264 _aSan Francisco :
_bPearson/Benjamin Cummings,
_c2004.
300 _axxvix, 732 p. :
_bill. (some col.) ;
_c29 cm. +e 1 CD-ROM (4 3/4 in.)
504 _aIncludes bibliographical references and index.
650 0 _aMolecular biology.
_97286
650 0 _aMolecular genetics.
_97114
653 _aმოლეკულური გენეტიკა
653 _aმოლეკულური ბიოლოგია
700 1 _aWatson, James D.,
_d1928-
_97287
856 4 2 _3Publisher description
_uhttp://www.loc.gov/catdir/enhancements/fy1208/2003042863-d.html
906 _a7
_bcbc
_corignew
_d1
_eocip
_f20
_gy-gencatlg
942 _2udc
_cBK
955 _apc16 2003-03-06 to ASCD;
_cjc09 2003-03-12
_aaa07 2003-03-13
_cjc04 2003-11-07 (updated per CIP change request)
_apv19 2004-01-02 bk rec'd, to CIP ver.